| 000 | 00444nam a22001817a 4500 | ||
|---|---|---|---|
| 003 | NUST | ||
| 020 | _a 978-81-317-66200 | ||
| 038 | _akhadija | ||
| 082 |
_a332.678 _bGIT |
||
| 100 |
_aGITMAN,LAWRENCE J. _99985 |
||
| 245 |
_aFUNDAMENTALS OF INVESTING / _cLawrence J.Gitman |
||
| 250 | _a6th ed. | ||
| 260 |
_aNew Delhi : _bPearson , _c1996 |
||
| 300 |
_a650 p. ; _b25 cm. |
||
| 500 | _aPaperback. | ||
| 563 | _apaperback | ||
| 942 |
_cBK _2ddc |
||
| 999 |
_c33597 _d33597 |
||